Aux jeunes gens sur la manière de tirer profit des lettres helleniques / (Record no. 29930)

MARC details
000 -LEADER
campo de control de longitud fija 00591nam a2200169 i 4500
001 - NÚMERO DE CONTROL
campo de control 29930
003 - IDENTIFICADOR DE NÚMERO DE CONTROL
campo de control ES-MaACL
005 - FECHA Y HORA DE LA ÚLTIMA TRANSACCIÓN
campo de control 20230906154119.0
007 - CAMPO FIJO DE DESCRIPCIÓN FÍSICA--INFORMACIÓN GENERAL
campo de control de longitud fija t|
008 - DATOS DE LONGITUD FIJA--INFORMACIÓN GENERAL
campo de control de longitud fija 030123s1935 fr ||||1| fre d
100 1# - ENTRADA PRINCIPAL--NOMBRE DE PERSONA
Nombre de persona Basilio
Títulos y otros términos asociados al nombre Santo, Obispo de Cesárea.
9 (RLIN) 26292
245 10 - MENCIÓN DEL TÍTULO
Título Aux jeunes gens sur la manière de tirer profit des lettres helleniques /
Mención de responsabilidad, etc. Saint Basile ; text ètabli et traduit par L'abbè Fernand Boulenger.
260 ## - PUBLICACIÓN, DISTRIBUCIÓN, ETC.
Lugar de publicación, distribución, etc. París :
Nombre del editor, distribuidor, etc. [s.n.,
Fecha de publicación, distribución, etc. 1935] (
Lugar de fabricación/manufactura Chartres :
Fabricante Durand)
300 ## - DESCRIPCIÓN FÍSICA
Extensión 74 p. ;
Dimensiones 21 cm.
700 1# - ENTRADA AGREGADA--NOMBRE PERSONAL
Nombre de persona Boulenger, Fernand.
9 (RLIN) 30909
852 ## - LOCALIZACIÓN
Ubicación ES-MaACL
Número de control de estantería 1798-F-22
Holdings
Estatus retirado Estado de pérdida Estado de daño No para préstamo Colección Biblioteca de origen Biblioteca actual Ubicación en estantería Fecha de adquisición Fuente de adquisición Total de préstamos Signatura topográfica completa Código de barras Visto por última vez Precio de reemplazo Tipo de ítem Koha
        Colección de folletos Biblioteca del Ateneo de Madrid Biblioteca del Ateneo de Madrid Depósito folletos 17/01/2008     1798-F-22 1030901 23/02/2023 23/02/2023 Folleto